000 00292nam a22001337a 4500
008 170222b xxu||||| |||| 00| 0 eng d
020 _a9780721696935
041 _aeng
080 _24ED
_a617
100 _a5
101 _aSHK
245 _aSURGICAL TECHNOLOGY
_cFULLER.J.K
942 _2udc
_cBK
999 _c6117
_d6117